[Rezension von: Sylvie Lecoq-Ramond (Hrsg.), Histoire du musée d'Unterlinden et de ses collections de la Révolution à la première guerre mondiale]
Gespeichert in:
| Veröffentlicht in: | Kunstform 5(2004), 2 |
|---|---|
| VerfasserIn: | |
| Dokumenttyp: | Online-Ressource Aufsatz |
| Sprache: | German |
| Veröffentlicht: |
2004
|
| Schlagwörter: | |
| Online Zugang: | kostenfrei |
| Bibliogr. Hinweis: | Enthalten in:
Kunstform Rezension von: Histoire du Musée d'Unterlinden et de ses collections |
| Verantwortlich: | rezensiert von Tanja Baensch |
| LEADER | 01808caa a2200349 c 4500 | ||
|---|---|---|---|
| 001 | 1919829342 | ||
| 003 | DE-627 | ||
| 005 | 20260418201255.0 | ||
| 007 | cr uuu---uuuuu | ||
| 008 | 250314s2004 xx |||||oo 00| ||ger c | ||
| 035 | |a (DE-627)1919829342 | ||
| 035 | |a (DE-599)KXP1919829342 | ||
| 035 | |a (OCoLC)1533740849 | ||
| 040 | |a DE-627 |b ger |c DE-627 |e rda | ||
| 041 | |a ger | ||
| 084 | |a KUNST |q DE-16 |2 fid | ||
| 100 | 1 | |a Baensch, Tanja |e VerfasserIn |0 (DE-588)1045331708 |0 (DE-627)77411133X |0 (DE-576)257916601 |4 aut | |
| 245 | 1 | 0 | |a [Rezension von: Sylvie Lecoq-Ramond (Hrsg.), Histoire du musée d'Unterlinden et de ses collections de la Révolution à la première guerre mondiale] |c rezensiert von Tanja Baensch |
| 264 | 1 | |c 2004 | |
| 300 | |b Illustrationen | ||
| 336 | |a Text |b txt |2 rdacontent | ||
| 337 | |a Computermedien |b c |2 rdamedia | ||
| 338 | |a Online-Ressource |b cr |2 rdacarrier | ||
| 655 | 7 | |a Rezension |0 (DE-588)4049712-4 |0 (DE-627)106186019 |0 (DE-576)209083166 |2 gnd-content | |
| 773 | 0 | 8 | |i Enthalten in |t Kunstform |d München : Ludwig-Maximilians-Universität München, Institut für Kunstgeschichte, 2000 |g 5(2004), 2 |h Online-Ressource |w (DE-627)382929004 |w (DE-600)2140180-9 |w (DE-576)281244731 |x 1618-7199 |7 nnas |
| 773 | 1 | 8 | |g volume:5 |g year:2004 |g number:2 |
| 787 | 0 | 8 | |i Rezension von |t Histoire du Musée d'Unterlinden et de ses collections |d Colmar : Société Schongauer - Musée d'Unterlinden, 2003 |h 421 S |w (DE-627)371719429 |w (DE-576)104388072 |z 2902068263 |
| 856 | 4 | 0 | |u https://www.arthistoricum.net/kunstform/rezension/ausgabe/2004/2/3301 |x Verlag |z kostenfrei |3 Volltext |7 0 |
| 951 | |a AR | ||
| 994 | |u https://www.arthistoricum.net/themen/rezensionen/kunstform/rezension/ausgabe/2004/2/3301 | ||
| 991 | |a Rezension (Monographie, Zeitschrift, Aufsatz) | ||
| 999 | |a KXP-PPN1919829342 |e 4987928310 | ||


